LEADER 01347nam a2200325 a 4500 001 000000129152 003 CaOOAMICUS 005 20120601135640.0 008 120601s2012 it u000 u ita r 020 $a978-88-08-05885-0 040 $aPUL$bita 082 04$a347 245 03$aIl condominio /$copera diretta da Salvatore Sica ; con la collaborazione di Antonio Angrisani ... [et al.]. 260 $aBologna :$bZanichelli,$c©2012. 300 $aXI, 540 p. ;$c25 cm+$e1 CD-ROM. 490 1 $aDottrina casi sistemi ;$v22 500 $aInclude indice. 504 $aBibliografia p. [521]-533. 650 4$aCondominio$xGiurisprudenza$zItalia.$0(OLS)http://pul/subject/34341 700 1 $aSica, Salvatore.$0(OLS)http://pul/name/66373 700 1 $aAngrisani, Antonio.$0(OLS)http://pul/name/66372 830 0$aDottrina casi sistemi ;$v22.$0(OLS)http://pul/title/139266 850 $aPUL 852 $aPUL$W1$xSL Diritto e Scienze Sociali 3$y79$m347 SICSA 1$j149543$qDDC 21$B148080$CPULBib$Z2$F148080 $H119925 $82 941 1 $a9 996 $6020$a978-88-08-05885-0$9(OLS)http://pul/number/149878 996 $6082$a347$9(OLS)http://pul/classification/450 996 $6245$aIl condominio$9(OLS)http://pul/title/163190 996 $6260$aBologna :$bZanichelli$9(OLS)http://pul/publisher/48255 LEADER 01013nam a2200241 u 4500 001 000000019251 003 CaOOAMICUS 005 20070226110751.0 008 950131s1935 it u000 u ita u 035 $a10462773 040 $aPUL(R)$bita 100 1 $aTilgher, Adriano,$d1887-1941.$0(OLS)http://pul/name/4779 245 10$aEstetica :$bteoria generale dell'attivitą artistica : studi critici sulla estetica contemporanea /$cAdriano Tilgher. 250 $a2. ed. 260 $aRoma :$bBardi,$c1935. 300 $a305 p. ;$c21 cm 650 0$aAesthetics.$2//eng$0(OLS)http://pul/subject/4888 650 0$aArt$xPhilosophy.$2//eng$0(OLS)http://pul/subject/12972 850 $aPUL 852 $aPUL$W1$xDP2 Filosofia 1$y62$m94 G 5$j27097$nBK-PRI$qStampati$B27097$CPULBib$Z2$F27097 $82 941 1 $a8 996 $6245$aEstetica :$bteoria generale dell'attivitą artistica : studi critici sulla estetica contemporanea$9(OLS)http://pul/title/27267 996 $6260$aRoma :$bBardi$9(OLS)http://pul/publisher/48306